Caligrafía 1 : (Registro nro. 8238)

Detalles MARC
000 -LIDER
fixed length control field 01269nam a2200337 a 4500
001 - NÚMERO DE CONTROL
Identificador de número de control 0000261
003 - IDENTIFICACDOR DE NÚMERO DE CONTROL
control field DO-SdBNP
005 - DATE AND TIME OF LATEST TRANSACTION
control field 20180309120949.0
007 - CAMPOS FIJOS DE DESCRIPCIÓN FÍSICA
fixed length control field 0000261
008 - ELEMENTOS DE LONGITUD FIJA
fixed length control field 091130s2012 dr a 000 0 spa d
020 ## - ISBN
International Standard Book Number 9789945117462
040 ## - FUENTE DE CATALOGACIÓN
Agencia que crea de manera original el registro BPMSU
Idioma de catalogación spa
Agencia que realiza la transcripción BPMSU
092 ## - LOCALLY ASSIGNED DEWEY DECIMAL CALL NUMBER
Número de clasificación 372.634
Número de ítem (Cutter) A719c, 1ro. 2012
100 1# - ASIENTO PRINCIPAL -- NOMBRE PERSONAL
Nombre personal Ariza Jiménez Malena, Martha
245 10 - MENCIÓN DE TITULO
Título Caligrafía 1 :
Subtítulo educación básica /
Mención de responsabilidad Martha Ariza Jiménez Malena ; editora María Isabel Incháustegui; ilustración Ruddy Nuñez.
260 ## - PUBLICACIÓN, DISTRIBUCIÓN, ETC. (PIE DE IMPRENTA)
Lugar de publicación, distribución, etc Santo Domingo :
Nombre del editor, distribuidor, etc. Santillana,
Fecha de publicación, distribución, etc 2012.
300 ## - DESCRIPCIÓN FÍSICA
Extensión 64 p. :
Otros detalles físicos il. ;
Dimensiones 28 cm.
490 1# - MENCIÓN DE SERIES
Mención de serie Innova
505 0# - NOTA DE CONTENIDO
Título Vamos a soltar la mano --
-- Este es el alfabeto --
-- Vamos a escribir el alfabeto --
-- Las vocales --
-- Las consonantes --
-- Grupos consonánticos --
-- Vamos a escribir poemas --
-- Pl, Pr --
-- Tl, Tr --
-- Tarjeta postal --
650 #4 - ENCABEZAMIENTO DE MATERIA--TEMÁTICO
Término temático o nombre geográfico como elemento de entrada CALIGRAFÍA
Subdivisión temática general ESTUDIO Y ENSEÑANZA
650 #4 - ENCABEZAMIENTO DE MATERIA--TEMÁTICO
Término temático o nombre geográfico como elemento de entrada CALIGRAFÍA
Subdivisión temática general TÉCNICA
650 #4 - ENCABEZAMIENTO DE MATERIA--TEMÁTICO
Término temático o nombre geográfico como elemento de entrada CALIGRAFÍA
Subdivisión temática general LIBROS DE TEXTO
650 #4 - ENCABEZAMIENTO DE MATERIA--TEMÁTICO
Término temático o nombre geográfico como elemento de entrada CALIGRAFÍA
Subdivisión temática general ENSEÑANZA CORRECTIVA
700 1# - ASIENTO SECUNDARIO -- NOMBRE PERSONAL
Nombre personal Incháustegui, María Isabel,
Mención de responsabilidad ed.
700 1# - ASIENTO SECUNDARIO -- NOMBRE PERSONAL
Nombre personal Núñez, Ruddy
Mención de responsabilidad il.
830 #0 - ASIENTO SECUNDARIO DE SERIE--TÍTULO UNIFORME
Título uniforme Innova
910 ## - VALIDACIÓN
Validación 00144
942 ## - ADDED ENTRY ELEMENTS (KOHA)
Source of classification or shelving scheme Dewey Decimal Classification
Koha item type Libros
945 ## - INFORMACIÓN DE PROCESAMIENTO LOCAL
Información de procesamiento local Remanejado para la Bib. BNPHU, 2018/ YL
956 ## - LOCAL ELECTRONIC LOCATION AND ACCESS (OCLC)
Nombre de host YLOCKWARD
Número de acceso 10
Existencias
Withdrawn status Lost status Source of classification or shelving scheme Damaged status Not for loan Collection code Home library Current library Date acquired Source of acquisition Total Checkouts Barcode Date last seen Price effective from Koha item type Copy number
    Dewey Decimal Classification     Colección Escolar Biblioteca Pública Metropolitana Salomé Ureña Biblioteca Pública Metropolitana Salomé Ureña 04/13/2016 Donación   BPMSU16040399 04/13/2016 04/13/2016 Libros  
    Dewey Decimal Classification     Colección Escolar Biblioteca Pública Metropolitana Salomé Ureña Biblioteca Pública Metropolitana Salomé Ureña 04/13/2016 Donación   BPMSU16040400 04/13/2016 04/13/2016 Libros ej. 2